[Event "Juegos Univers 31st rap op"]
[Site "Pereira"]
[Date "2024.10.02"]
[Round "7"]
[White "Diaz Alzate, Samuel David"]
[Black "Urda Palacio, Carlos Mario"]
[Result "1-0"]
[WhiteElo "1765"]
[BlackElo "1726"]
[PlyCount "28"]
[EventDate "2024.10.01"]
[EventType "swiss"]
[EventRounds "7"]
[EventCountry "COL"]
[SourceTitle "EXT 2025"]
[Source "ChessBase"]
[SourceDate "2024.10.14"]
[SourceVersion "1"]
[SourceVersionDate "2024.10.14"]
[SourceQuality "1"]

1. e4 d5 2. exd5 Nf6 3. d4 Nxd5 4. Nf3 Nc6 5. h3 b6 6. Bc4 e6 7. 0-0 Bb7 8. c3 Be7 9. Re1 0-0 10. Nbd2 Bf6 11. Ne4 Be7 12. Ng3 Bd6 13. Bg5 f6 14. Bd2 Bxg3 1-0

[Event "Juegos Univers 31st blitz op"]
[Site "Pereira"]
[Date "2024.10.02"]
[Round "1"]
[White "Henao Orozco, Luis Carlos"]
[Black "Diaz Alzate, Samuel David"]
[Result "1-0"]
[WhiteElo "1900"]
[BlackElo "1765"]
[PlyCount "85"]
[EventDate "2024.10.02"]
[EventType "swiss"]
[EventRounds "14"]
[EventCountry "COL"]
[SourceTitle "EXT 2025"]
[Source "ChessBase"]
[SourceDate "2024.10.14"]
[SourceVersion "1"]
[SourceVersionDate "2024.10.14"]
[SourceQuality "1"]

1. d4 Nf6 2. c4 e5 3. dxe5 Ng4 4. Nf3 Bc5 5. e3 Nc6 6. a3 a5 7. Be2 0-0 8. Nbd2 Re8 9. 0-0 Ngxe5 10. b3 Nxf3+ 11. Nxf3 Qf6 12. Rb1 Qe7 13. Ra1 Qf6 14. Ra2 Ne5 15. Bb2 Nxf3+ 16. Bxf3 Qh6 17. g3 d6 18. Bg2 Bh3 19. Qd5 c6 20. Qf3 Re6 21. Bxh3 Qxh3 22. Rd1 Rae8 23. Bd4 Rh6 24. Qg2 Bxd4 25. Qxh3 Rxh3 26. Rxd4 Rh6 27. Rad2 Rd8 28. e4 Re6 29. f4 f6 30. c5 Kf7 31. cxd6 Rd7 32. Kf2 g5 33. Kf3 gxf4 34. gxf4 b5 35. f5 Re5 36. Rc2 c5 37. Rd3 b4 38. a4 h5 39. h4 Ke8 40. Kf4 Kd8 41. Rg2 Kc8 42. Rg6 Kb7 43. Rxf6 1-0

[Event "Juegos Univers 31st op"]
[Site "Pereira"]
[Date "2024.10.01"]
[Round "7"]
[White "Diaz Alzate, Samuel David"]
[Black "Garcia Rojas, Miguel Angel"]
[Result "1/2-1/2"]
[WhiteElo "1765"]
[BlackElo "1869"]
[PlyCount "32"]
[EventDate "2024.09.28"]
[EventType "swiss"]
[EventRounds "7"]
[EventCountry "COL"]
[SourceTitle "EXT 2025"]
[Source "ChessBase"]
[SourceDate "2024.10.14"]
[SourceVersion "1"]
[SourceVersionDate "2024.10.14"]
[SourceQuality "1"]

1. e4 d6 2. d4 Nf6 3. Nc3 e5 4. dxe5 dxe5 5. Qxd8+ Kxd8 6. Bg5 Be6 7. 0-0-0+ Nbd7 8. Nf3 Kc8 9. Bd3 Ng4 10. Bh4 f6 11. h3 Nh6 12. Nd2 c6 13. Bc4 Bxc4 14. Nxc4 b5 15. Nd6+ Kc7 16. Nf5 Nf7 1/2-1/2

[Event "Neiva Ascun Nodo op"]
[Site "Neiva"]
[Date "2023.04.01"]
[Round "5"]
[White "Fierro Casas, Moises"]
[Black "Diaz Alzate, Samuel David"]
[Result "0-1"]
[WhiteElo "1560"]
[BlackElo "1609"]
[PlyCount "100"]
[EventDate "2023.03.30"]
[EventType "swiss"]
[EventRounds "6"]
[EventCountry "COL"]
[SourceTitle "CBM 213 Extra"]
[Source "ChessBase"]
[SourceDate "2023.05.31"]
[SourceVersion "1"]
[SourceVersionDate "2023.05.31"]
[SourceQuality "1"]

1. e4 d6 2. Nf3 Nf6 3. Nc3 g6 4. Bc4 Bg7 5. d4 0-0 6. 0-0 Nxe4 7. Re1 Nxc3 8. bxc3 c5 9. Be3 d5 10. Be2 c4 11. Qb1 Nc6 12. Bf4 Re8 13. Bf1 Qa5 14. a4 Qd8 15. g3 b6 16. Bg2 Bg4 17. Qb5 Rc8 18. Ne5 Nxe5 19. Bxe5 Bxe5 20. Rxe5 e6 21. Ra2 Qf6 22. f4 h5 23. Qd7 Qe7 24. Qb5 Qb7 25. a5 Qc6 26. Qa6 Ra8 27. Rb2 Qa4 28. Re1 Qxa5 29. Qxa5 bxa5 30. Ra1 Reb8 31. Rba2 Rb5 32. Ra4 Rab8 33. Rxa5 Rxa5 34. Rxa5 Rb1+ 35. Kf2 Rb2 36. Ra3 Rxc2+ 37. Kg1 Kg7 38. Bf1 a5 39. Bg2 a4 40. Bf1 Rc1 41. Kg2 Bd1 42. Kf2 Bb3 43. h3 Rxc3 44. g4 Rc2+ 45. Ke3 hxg4 46. hxg4 Rc1 47. Be2 c3 48. Kd3 c2 49. Rxb3 axb3 50. Kd2 b2 0-1

[Event "Manizales op 27th"]
[Site "Manizales"]
[Date "2022.01.07"]
[Round "3"]
[White "Diaz Alzate, Samuel David"]
[Black "Munoz Guzman, German"]
[Result "1-0"]
[WhiteElo "1509"]
[BlackElo "1634"]
[PlyCount "57"]
[EventDate "2022.01.06"]
[EventType "swiss"]
[EventRounds "8"]
[EventCountry "COL"]
[SourceTitle "CBM 206 Extra"]
[Source "ChessBase"]
[SourceDate "2022.03.31"]
[SourceVersion "1"]
[SourceVersionDate "2022.03.31"]
[SourceQuality "1"]

1. e4 e5 2. Nf3 Nc6 3. Bb5 a6 4. Ba4 Nf6 5. 0-0 b5 6. Bb3 h6 7. Nc3 Bc5 8. Nxe5 Nxe5 9. d4 Bb4 10. dxe5 Bxc3 11. bxc3 Nh7 12. Qd5 0-0 13. Qxa8 c5 14. Ba3 c4 15. Bxc4 bxc4 16. Bxf8 Nxf8 17. Rab1 Ne6 18. Rb8 Qg5 19. Rxc8+ Kh7 20. Rh8+ Kg6 21. Qg8 Qxe5 22. Qh7+ Kh5 23. Qf5+ Qxf5 24. exf5 Nc5 25. Rh7 Kg5 26. Rxg7+ Kf6 27. Rh7 Kxf5 28. Rxh6 f6 29. Rh5+ 1-0

[Event "Manizales op 27th"]
[Site "Manizales"]
[Date "2022.01.06"]
[Round "1"]
[White "Diaz Alzate, Samuel David"]
[Black "Garzon Salgado, Nelson Eduardo"]
[Result "0-1"]
[WhiteElo "1509"]
[BlackElo "1741"]
[PlyCount "73"]
[EventDate "2022.01.06"]
[EventType "swiss"]
[EventRounds "8"]
[EventCountry "COL"]
[SourceTitle "CBM 206 Extra"]
[Source "ChessBase"]
[SourceDate "2022.03.31"]
[SourceVersion "1"]
[SourceVersionDate "2022.03.31"]
[SourceQuality "1"]

1. e4 d5 2. exd5 Qxd5 3. Nc3 Qa5 4. d4 c6 5. Bd2 Qc7 6. Nf3 Nf6 7. Be2 Bf5 8. 0-0 h6 9. Ne5 e6 10. Bf4 Bd6 11. Qd2 Nbd7 12. Qe3 0-0 13. Bf3 Rfe8 14. Rac1 Nf8 15. Ne2 Nd5 16. Bxd5 exd5 17. Qg3 f6 18. Nd3 Rad8 19. Rfe1 g5 20. Bxd6 Qxd6 21. Ndf4 Kf7 22. Nh5 Bg6 23. Qh3 Re4 24. Qf3 g4 25. Qxf6+ Qxf6 26. Nxf6 Kxf6 27. c3 Rde8 28. Kf1 R4e7 29. Rcd1 Bc2 30. Rd2 Bf5 31. g3 Nh7 32. Rc1 Ng5 33. Nf4 Nf3 34. Rdd1 Nxh2+ 35. Kg1 Nf3+ 36. Kf1 Bc2 37. Ng2 0-1